NFL Top 10 Passing Yards 1980s - Statistics

General Stats
  • This quiz has been taken 82 times
  • The average score is 79 of 100
Answer Stats
Year Team Player % Correct
1984: 1 | 1985: 1 | 1986: 1 | +3 others Dolphins Dan Marino
100%
1981: 8 | 1982: 2 | 1983: 4 | +4 others 49ers Joe Montana
98%
1984: 10 | 1986: 7 | 1987: 7 | 1989: 5 Oilers Warren Moon
98%
1985: 10 | 1986: 3 | 1987: 2 | +2 others Bengals Boomer Esiason
92%
1986: 6 | 1987: 8 | 1988: 6 Bills Jim Kelly
92%
1981: 7 | 1982: 9 | 1983: 5 | 1984: 9 Redskins Joe Theismann
92%
1984: 3 | 1985: 4 | 1986: 8 | 1988: 7 Giants Phil Simms
92%
1985: 2 | 1986: 9 | 1987: 4 | 1988: 8 Broncos John Elway
91%
1987: 9 | 1988: 3 | 1989: 10 Eagles Randall Cunningham
89%
1980: 10 Steelers Terry Bradshaw
89%
1980: 1 | 1981: 1 | 1982: 1 | +2 others Chargers Dan Fouts
87%
1980: 8 | 1981: 9 | 1982: 6 Buccaneers Doug Williams
85%
1981: 5 | 1982: 3 Bengals Ken Anderson
83%
1988: 2 | 1989: 2 Rams Jim Everett
81%
1989: 4 Redskins Mark Rypien
81%
1986: 4 | 1987: 6 | 1989: 6 Browns Bernie Kosar
79%
1980: 2 | 1981: 3 | 1983: 6 Browns Brian Sipe
79%
1982: 4 | 1983: 3 Cowboys Danny White
77%
1984: 5 | 1985: 7 Seahawks Dave Krieg
77%
1980: 6 | 1982: 5 | 1983: 8 | 1985: 9 Eagles Ron Jaworski
77%
1980: 3 Saints Archie Manning
75%
1982: 8 Raiders Jim Plunkett
74%
1984: 2 | 1987: 1 | 1988: 5 Cardinals Neil Lomax
72%
1989: 1 Packers Don Majkowski
70%
1985: 3 | 1986: 5 | 1987: 10 Jets Ken O'Brien
70%
1980: 4 | 1981: 2 | 1982: 7 | 1985: 8 Vikings Tommy Kramer
70%
1988: 9 Buccaneers Vinny Testaverde
68%
1980: 5 | 1981: 4 | 1983: 10 Falcons Steve Bartkowski
64%
1986: 10 Patriots Tony Eason
64%
1980: 6 | 1983: 1 Packers Lynn Dickey
62%
1980: 9 Seahawks Jim Zorn
60%
1981: 6 Bills Joe Ferguson
55%
1986: 2 Redskins Jay Schroeder
53%
1988: 10 Saints Bobby Hebert
47%
1984: 7 Buccaneers Steve DeBerg
47%
1981: 10 | 1983: 7 Jets Richard Todd
45%
1983: 9 Rams Vince Ferragamo
45%
1983: 2 Chiefs Bill Kenney
38%
1989: 9 Falcons Chris Miller
32%
1982: 10 Giants Scott Brunner
23%
1984: 8 Browns Paul McDonald
15%
No matching quizzes found
Score Distribution
Percent of People with Each Score
Percentile by Number Answered
Your Score History
You have not taken this quiz